[Event "33rd Leon Blitz Open 2020"]
[Site "chess.com INT"]
[Date "2020.07.14"]
[Round "2"]
[White "Novoselski, Zoran"]
[Black "Riehle, Marco"]
[Result "0-1"]
[WhiteTitle "IM"]
[BlackTitle "FM"]
[WhiteElo "2318"]
[BlackElo "2347"]
[WhiteFideId "901970"]
[BlackFideId "12904392"]
[EventDate "2020.07.14"]
[EventType "blitz"]

1. e4 e5 2. Nf3 Nf6 3. d4 Nxe4 4. Bd3 Nc6 5. Bxe4 d5 6. dxe5 dxe4 7. Qxd8+ Kxd8
8. Ng5 Nxe5 9. Bf4 f6 10. Bxe5 fxg5 11. Nc3 Bf5 12. O-O-O+ Kc8 13. Rhe1 Bc5 14.
Bxg7 Re8 15. Bd4 Bd6 16. h3 a6 17. Nd5 Re6 18. g4 Bg6 19. f3 a5 20. a3 Ra6 21.
Nc3 Bf4+ 22. Kb1 exf3 23. Rf1 Re2 24. Ka1 Rxc2 25. Rxf3 Rd6 26. Rff1 b6 27. h4
h6 28. h5 Bh7 29. Bg7 Bd3 30. Rfe1 Rd2 31. Rxd2 Bxd2 32. Re8+ Kb7 33. Rh8 Bxc3
34. Bxc3 Bc4 35. b4 axb4 36. axb4 Be2 37. Bg7 Bxg4 38. Rxh6 Rd1+ 39. Kb2 Rh1 40.
Bf6 Bxh5 41. Bxg5 Ka6 42. Kc3 Kb5 43. Bf4 c5 44. bxc5 bxc5 45. Rh8 Rh3+ 46. Kd2
Kc4 47. Bg5 Rd3+ 48. Kc2 Bg6 49. Kb2 Rb3+ 50. Ka2 Rg3 51. Rh4+ Kd3 52. Bf6 Be4
53. Rh2 c4 54. Kb2 Rg6 55. Rh3+ Ke2 56. Kc3 Rxf6 57. Kxc4 Bf3 58. Kd4 Rf4+ 59.
Ke5 Ra4 60. Rh8 Ke3 61. Re8 Ra5+ 62. Kd6+ Be4 63. Rh8 Kd4 64. Rh4 Ra6+ 65. Kd7
Ke5 66. Kc7 Rc6+ 67. Kd7 Rb6 68. Rh5+ Bf5+ 69. Kc7 Rf6 70. Rg5 Kd5 71. Rh5 Kc5
72. Rh1 Rf7+ 73. Kd8 Be4 74. Rh5+ Bd5 0-1

[Event "33rd Leon Blitz Open 2020"]
[Site "chess.com INT"]
[Date "2020.07.14"]
[Round "2"]
[White "Sadovsky, Artem"]
[Black "Gabrielian, Artur"]
[Result "0-1"]
[WhiteTitle "IM"]
[BlackTitle "GM"]
[WhiteElo "2421"]
[BlackElo "2463"]
[WhiteFideId "4155840"]
[BlackFideId "4131002"]
[EventDate "2020.07.14"]
[EventType "blitz"]

1. Nf3 c5 2. b3 Nf6 3. Bb2 g6 4. g4 Bg7 5. g5 Nh5 6. Bxg7 Nxg7 7. d4 cxd4 8.
Qxd4 O-O 9. Nbd2 Nc6 10. Qb2 a5 11. h4 a4 12. Nc4 d6 13. Rd1 b5 14. Ncd2 Qa5 15.
e3 a3 16. Qa1 Bg4 17. c3 b4 18. c4 Ne5 19. Be2 Bf5 20. Nxe5 dxe5 21. Nf3 Be4 22.
Rh3 f6 23. Qc1 Rad8 24. c5 Rxd1+ 25. Bxd1 Bd5 26. e4 Be6 27. Rg3 Nh5 28. Rg1 Nf4
29. Qe3 Qxc5 30. Qxc5 Nd3+ 31. Kd2 Nxc5 32. Ke3 Rd8 33. Bc2 Kf7 34. h5 gxh5 35.
Rh1 Bg4 36. Nd2 Kg6 37. f3 Be6 38. gxf6 exf6 39. f4 exf4+ 40. Ke2 Bg4+ 41. Ke1
Kg5 42. Rg1 Kh6 43. Nc4 Ne6 44. e5 Nd4 45. Be4 f5 46. Bb7 Nc2+ 47. Kf2 Kg5 48.
e6 Kf6 49. Rc1 Nd4 50. Nb6 Nxe6 51. Nd5+ Kf7 52. Nxb4 h4 53. Bd5 Rd6 54. Rc7+
Kf6 55. Rxh7 h3 56. Rh6+ Ke5 57. Bxe6 Rxe6 58. Nd3+ Kd6 59. Rxe6+ Kxe6 60. Nxf4+
Ke5 61. Nd3+ Kd4 62. Nb4 Bd1 63. Kg3 Kc3 64. Nd5+ Kb2 65. b4 Ba4 66. Kxh3 Kxa2
67. b5 Bxb5 68. Nc3+ Kb2 69. Nxb5 a2 70. Nd6 a1=Q 71. Nxf5 Kc2 72. Ng3 Kd3 73.
Kg4 Qa4+ 74. Kf3 Qa8+ 75. Kf4 Qb8+ 76. Kf3 Qf8+ 77. Kg4 Ke3 78. Nf5+ Ke4 79.
Ng3+ Ke5 80. Ne2 Qf2 81. Ng3 Qg2 82. Kh4 Kf4 83. Nh5+ Kf3 84. Nf6 Qg6 0-1

[Event "33rd Leon Blitz Open 2020"]
[Site "chess.com INT"]
[Date "2020.07.14"]
[Round "2"]
[White "Firouzja, Alireza"]
[Black "Lazavik, Denis"]
[Result "1/2-1/2"]
[WhiteTitle "GM"]
[BlackTitle "FM"]
[WhiteElo "2728"]
[BlackElo "2424"]
[WhiteFideId "12573981"]
[BlackFideId "13515110"]
[EventDate "2020.07.14"]
[EventType "blitz"]

1. d4 d5 2. c4 c6 3. Nf3 Nf6 4. Nc3 dxc4 5. a4 Bf5 6. e3 e6 7. Bxc4 Bb4 8. O-O
O-O 9. Qe2 Nbd7 10. h3 Bg6 11. Nh4 e5 12. Nxg6 hxg6 13. Rd1 exd4 14. exd4 Nb6
15. Bb3 a5 16. Bg5 Qd6 17. Qd3 Nbd5 18. Rac1 Rfe8 19. g3 Bxc3 20. bxc3 Ne4 21.
Bd2 Nxd2 22. Rxd2 Re7 23. Qf3 Rae8 24. Kf1 Re6 25. Bxd5 cxd5 26. Rb1 Rf6 27. Qd3
Qd7 28. Kg2 Qxa4 29. Rxb7 Qc6 30. Rb5 Ra8 31. Ra2 a4 32. Rb4 Re6 33. Ra3 Qd7 34.
h4 Rea6 35. Qb5 Qxb5 36. Rxb5 Rd8 37. Kf3 f6 38. Rb7 Kf8 39. Ke3 Re8+ 40. Kd2
Re7 41. Rb8+ Kf7 42. Rb4 Rea7 43. Kc2 Ke6 44. f3 Ra8 45. Kb2 R8a7 46. Ra1 a3+
47. Ka2 Kd6 48. Re1 Ra8 49. Rb7 R8a7 50. Ree7 Rxb7 51. Rxb7 Rc6 52. Rb3 Kc7 53.
Kxa3 Re6 54. Kb4 Kc6 55. Ra3 Re3 56. Ra6+ Kb7 57. Rd6 Rxf3 58. Rxd5 Rxg3 59.
Rd7+ Kc6 60. Rxg7 Rg4 61. Kc4 f5 62. Rf7 Kd6 63. h5 Ke6 64. hxg6 Rxg6 65. Ra7
Rg3 66. Ra6+ Ke7 67. d5 f4 68. Re6+ Kf7 69. Re4 f3 70. d6 f2 71. Rf4+ Ke6 72.
Rxf2 Kxd6 73. Rf6+ Kc7 74. Kb4 Rg5 75. c4 Rh5 76. Re6 Rg5 77. Ra6 Rh5 78. Ra3
Rg5 79. Rh3 Rf5 80. Rh6 Rg5 81. Kc3 Rf5 82. Kd4 Rg5 83. Re6 Rh5 84. Re4 Rg5 85.
c5 Kc6 86. Re6+ Kc7 87. Kc4 Rg1 88. Kd5 Rd1+ 89. Kc4 1/2-1/2

[Event "33rd Leon Blitz Open 2020"]
[Site "chess.com INT"]
[Date "2020.07.14"]
[Round "2"]
[White "Singgih, Diajeng Theresa"]
[Black "Primbetov, Kazbek"]
[Result "1-0"]
[WhiteTitle "WFM"]
[BlackTitle "FM"]
[WhiteElo "1972"]
[BlackElo "2207"]
[WhiteFideId "7104391"]
[BlackFideId "13702297"]
[EventDate "2020.07.14"]
[EventType "blitz"]

1. e4 e6 2. d4 d5 3. exd5 exd5 4. Nf3 Nc6 5. h3 Bf5 6. Bd3 Qd7 7. O-O Bd6 8.
Re1+ Nge7 9. c4 dxc4 10. Bxc4 O-O 11. Nc3 Nb4 12. Bb3 Nd3 13. Re2 Ng6 14. Bc2
Ndf4 15. Re1 Bxh3 16. Bxg6 Nxg6 17. Ng5 Bg4 18. Qd3 Rae8 19. Be3 Bf5 20. Qb5 c6
21. Qb3 Nh4 22. Bd2 Bb8 23. Nge4 Qc7 24. Ng3 Bg6 25. Nce2 Nf5 26. Bf4 Qd7 27.
Rad1 Nxg3 28. Bxg3 Bxg3 29. Nxg3 Qd5 30. Qxb7 Rxe1+ 31. Rxe1 Qxd4 32. b3 Qd5 33.
Qxa7 c5 34. Rc1 Rc8 35. Qa6 Ra8 36. Rxc5 Qd1+ 37. Kh2 Rf8 38. Rc8 h6 39. Qa8
Rxc8 40. Qxc8+ Kh7 41. Qc4 Qd2 42. Qe2 Qd6 43. a4 h5 44. Kg1 h4 45. Ne4 Qe5 46.
Ng3 Qa1+ 47. Nf1 Qb1 48. Kh2 Qxb3 49. a5 Qb8+ 50. Kg1 Qa7 51. Qd2 Be4 52. Ne3 h3
53. gxh3 Qe7 54. Ng4 Qh4 55. Kh2 f5 56. Ne5 Ba8 57. Qe3 f4 58. Qd3+ Kg8 59. Qc4+
Kh7 60. Qc2+ Kg8 61. Qc8+ Kh7 62. Qf5+ Kg8 63. Qe6+ Kh7 64. Qg6+ Kg8 65. Qe8+
Kh7 66. Qxa8 Qxf2+ 67. Qg2 Qc5 68. Qe4+ Kg8 69. Qc4+ 1-0

[Event "33rd Leon Blitz Open 2020"]
[Site "chess.com INT"]
[Date "2020.07.14"]
[Round "2"]
[White "Perez Molina, Robinson"]
[Black "Vasli, Aref"]
[Result "1-0"]
[WhiteTitle "FM"]
[BlackTitle "FM"]
[WhiteElo "2240"]
[BlackElo "2371"]
[WhiteFideId "3403882"]
[BlackFideId "417521"]
[EventDate "2020.07.14"]
[EventType "blitz"]

1. Nf3 Nf6 2. c4 e6 3. Nc3 d5 4. d4 Nbd7 5. Bg5 Be7 6. e3 O-O 7. Qc2 a6 8. cxd5
exd5 9. Bd3 Re8 10. O-O c6 11. Bf4 Nf8 12. h3 Ne6 13. Be5 g6 14. Rab1 a5 15. a3
Ng7 16. b4 axb4 17. axb4 Bf5 18. Bxf6 Bxf6 19. b5 Qd7 20. bxc6 bxc6 21. Bxf5
Qxf5 22. Rfc1 Rec8 23. Qxf5 Nxf5 24. Ne1 Kg7 25. Nd3 Ra3 26. Nc5 Rca8 27. Nd7
Bd8 28. Ne5 R8a6 29. Nd1 Ne7 30. Rc3 Rxc3 31. Nxc3 f6 32. Nd7 Kf7 33. Nc5 Ra3
34. N3a4 Ra2 35. Rb7 Ba5 36. g3 Be1 37. Nd3 Ba5 38. Nac5 g5 39. Ra7 Ra1+ 40. Kg2
Bc3 41. Rc7 h5 42. Kf3 Rh1 43. Kg2 Rd1 44. Rb7 Ba5 45. Kf3 Rd2 46. Kg2 h4 47. g4
Ra2 48. Kf3 Bd2 49. Rb8 Ra3 50. Ke2 Bc3 51. Nd7 Ra2+ 52. Kf3 Ke6 53. N7c5+ Kf7
54. Nd7 Ba5 55. Rf8+ Kg7 56. Rxf6 Bc7 57. Re6 Kf7 58. N7c5 Ra1 59. Rh6 Rh1 60.
Rh7+ Kf6 61. Ne5 Bxe5 62. dxe5+ Kxe5 63. Rxe7+ Kd6 64. Rg7 Kxc5 65. Rxg5 Kc4 66.
Rh5 c5 67. Rxh4 Kc3 68. Rh5 Kc4 69. Kg2 Re1 70. g5 Ra1 71. g6 Ra8 72. g7 Rg8 73.
Rg5 d4 74. exd4 cxd4 75. h4 d3 76. Rg6 Kc5 77. Rg3 Kd4 78. Rg6 Ke5 79. Rg3 Kd4
80. Rg4+ Ke5 81. Rg5+ Ke4 82. Kf1 Kf3 83. Rd5 Ke4 84. Rd7 Ra8 85. h5 Kf5 86.
Rxd3 Rg8 87. h6 Kg6 88. Rd6+ Kh7 89. Kg2 Re8 90. Kg3 Re1 91. Rd8 Rg1+ 92. Kh2 1-0

[Event "33rd Leon Blitz Open 2020"]
[Site "chess.com INT"]
[Date "2020.07.14"]
[Round "2"]
[White "Siddharth, Jagadeesh"]
[Black "Sanal, Vahap"]
[Result "1/2-1/2"]
[WhiteTitle "FM"]
[BlackTitle "GM"]
[WhiteElo "2320"]
[BlackElo "2581"]
[WhiteFideId "5818320"]
[BlackFideId "6300545"]
[EventDate "2020.07.14"]
[EventType "blitz"]

1. e4 d6 2. Nc3 Nf6 3. d4 e5 4. dxe5 dxe5 5. Qxd8+ Kxd8 6. Bg5 c6 7. O-O-O+ Ke8
8. f4 Bb4 9. fxe5 Nfd7 10. Nf3 h6 11. Bh4 g5 12. Bg3 Bxc3 13. bxc3 Nc5 14. Bd3
Be6 15. a3 Nbd7 16. Nd4 Rd8 17. Nf5 Rb8 18. h4 g4 19. h5 Kd8 20. Nd6 Kc7 21.
Rhf1 Rbf8 22. Be2 Rhg8 23. Bf4 Rh8 24. Nf5 Nxe4 25. Bxg4 Nxc3 26. Rd3 Nd5 27.
Bh2 Rfg8 28. Bh3 Nc5 29. Rdf3 Ne4 30. Nd6 Ng5 31. Rb3 b6 32. Bxe6 fxe6 33. c4
Ne7 34. Rf6 Rh7 35. c5 Nd5 36. Rf2 b5 37. a4 b4 38. Kb2 a5 39. Nc4 Ne4 40. Re2
Nec3 41. Rd2 Rhg7 42. g4 Rxg4 43. Ka1 Rg2 44. Rbb2 Rxd2 45. Rxd2 Ne4 46. Re2
Nxc5 47. Rf2 Rg7 48. Nxa5 Nxa4 49. Rc2 Nac3 50. Kb2 c5 51. Nb3 Kc6 52. Na5+ Kb5
53. Nb3 Ra7 54. Kc1 Kc4 55. Nd2+ Kd3 56. Nb3 Ne2+ 57. Kb2 Ra2+ 58. Kxa2 Kxc2 59.
Nxc5 Ndc3+ 60. Ka1 Nc1 61. Bf4 N1e2 62. Bxh6 Ng3 63. Bf8 Nxh5 64. Nxe6 b3 65.
Nd4+ Kd3 66. Nxb3 Nf4 67. e6 Nfd5 68. e7 Nc7 69. Nc5+ Kc2 70. Nb7 Ne8 71. Nd8
Kb3 72. Ne6 Kc2 73. Ng7 Nf6 74. e8=Q Nxe8 75. Nxe8 Kd3 76. Nd6 Ne4 77. Nb5 Nc3
78. Na3 Ne4 79. Kb2 Nd2 80. Bb4 Ne4 81. Kb3 Nd2+ 82. Ka4 Nc4 83. Nb5 Nb2+ 84.
Ka5 Nc4+ 85. Ka6 Ne3 86. Ba5 Nc4 87. Bc7 Ne3 88. Kb7 Nc4 89. Kc6 Ne3 90. Bd6 Nc4
91. Bc5 Nd2 92. Kd5 Ne4 93. Bd4 Nd2 94. Nd6 Nf3 95. Bc5 Nd2 96. Nf7 Nf3 97. Bb6
Nd2 98. Ne5+ Ke2 99. Kd4 Nf3+ 100. Nxf3 Kxf3 1/2-1/2

[Event "33rd Leon Blitz Open 2020"]
[Site "chess.com INT"]
[Date "2020.07.14"]
[Round "2"]
[White "Mekhitarian, Krikor Sevag"]
[Black "Sliwicki, Damian"]
[Result "0-1"]
[WhiteTitle "GM"]
[BlackTitle "CM"]
[WhiteElo "2554"]
[BlackElo "2180"]
[WhiteFideId "2107660"]
[BlackFideId "1127128"]
[EventDate "2020.07.14"]
[EventType "blitz"]

1. e4 c5 2. Nf3 Nc6 3. Bb5 g6 4. O-O Bg7 5. Re1 Nd4 6. Nxd4 cxd4 7. d3 Nf6 8.
Bc4 O-O 9. Bb3 d6 10. Nd2 Qc7 11. h3 a5 12. a4 Be6 13. Bc4 Nd7 14. b3 Nb6 15.
Bb2 Bd7 16. Nf3 Nxc4 17. dxc4 e5 18. c3 dxc3 19. Bxc3 Bc6 20. Qd3 b6 21. Nd2 f5
22. f3 f4 23. Rad1 Rad8 24. Nb1 Bf6 25. Bb2 h5 26. Nc3 g5 27. Ba3 Be7 28. Nd5
Bxd5 29. Qxd5+ Kg7 30. Bb2 Rf6 31. Rd3 Qc5+ 32. Qxc5 bxc5 33. Bc3 Ra8 34. Rb1
Rff8 35. Kf2 Rfb8 36. Rd5 Rb7 37. Rd3 Kf6 38. Bd2 Bd8 39. g3 Be7 40. h4 fxg3+
41. Kxg3 gxh4+ 42. Kxh4 Ke6+ 43. Kh3 Rg8 44. Be3 Bd8 45. Rg1 Rbg7 46. Rxg7 Rxg7
47. Bf2 Bg5 48. Bg3 Bf4 49. Bf2 Rg6 50. Rd1 Rg8 51. Rg1 Rb8 52. Rb1 Bd2 53. Bg3
Rf8 54. Rf1 Be3 55. Kg2 Bd4 56. Rb1 Rh8 57. Kh3 h4 58. Be1 Rf8 59. Kg2 h3+ 60.
Kg3 h2 61. Kxh2 Rxf3 62. Bxa5 Kf6 63. Bc7 Kg5 64. a5 Kg4 65. Rg1+ Bxg1+ 66. Kxg1
Rxb3 67. Bxd6 Kf4 68. Bxc5 Kxe4 69. a6 Rb1+ 70. Kf2 Ra1 71. a7 Kd3 72. Bb6 Kxc4
73. Ke3 Kd5 74. Kd3 e4+ 75. Kc3 Ra6 76. Be3 Ra4 77. Kb3 Ra1 78. Kb2 Ra6 79. Kb3
Kc6 80. Kc4 Ra4+ 81. Kb3 Ra1 82. Kc4 Ra3 83. Kd4 Rxa7 84. Kxe4 Re7+ 85. Kf3 Kd5
86. Bf2 Rf7+ 87. Kg2 Ke4 88. Bb6 Rg7+ 89. Kh1 Kf3 90. Bc5 Rg5 91. Bb6 Rg7 92.
Bc5 Rc7 93. Bg1 Rc1 94. Kh2 Rc8 95. Kh1 Rh8+ 96. Bh2 Rh7 97. Kg1 Rg7+ 98. Kh1
Kf2 99. Be5 Rg1+ 100. Kh2 Rg4 101. Kh1 Re4 102. Bh2 Re1+ 0-1

[Event "33rd Leon Blitz Open 2020"]
[Site "chess.com INT"]
[Date "2020.07.14"]
[Round "2"]
[White "Azarov, Sergei"]
[Black "Tregubov, Pavel V."]
[Result "1/2-1/2"]
[WhiteTitle "GM"]
[BlackTitle "GM"]
[WhiteElo "2604"]
[BlackElo "2560"]
[WhiteFideId "13501470"]
[BlackFideId "4115341"]
[EventDate "2020.07.14"]
[EventType "blitz"]

1. e4 e6 2. d4 d5 3. Nd2 c5 4. Ngf3 Nc6 5. Bb5 a6 6. Bxc6+ bxc6 7. O-O Nf6 8.
Qe2 Be7 9. dxc5 Bxc5 10. e5 Nd7 11. Re1 O-O 12. Nf1 a5 13. Be3 Ba6 14. Qd2 Rb8
15. Bxc5 Nxc5 16. Ng3 Rxb2 17. Re3 Bc4 18. Nd4 Rb6 19. a3 Qg5 20. Qxa5 Nd7 21.
Nf3 Qg6 22. Qd2 Rfb8 23. Rae1 Rb2 24. Rc3 Nc5 25. h4 h6 26. h5 Qg4 27. Rce3 Bb5
28. Nd4 Ba4 29. Qc3 Nd7 30. Nb3 R8xb3 31. cxb3 Rxb3 32. Qd2 Rxe3 33. Rxe3 c5 34.
Re1 Bc6 35. Qa5 Qa4 36. Qd8+ Kh7 37. Qe7 Qa5 38. Rf1 Kg8 39. Qe8+ Kh7 40. Qxf7
Nxe5 41. Qxe6 Qc3 42. Nf5 Bd7 43. Qd6 Bxf5 44. Qxd5 Bd3 45. Rd1 c4 46. a4 Qc2
47. Re1 Ng4 48. Qd4 Qd2 49. Ra1 Qg5 50. a5 Qxh5 51. Qf4 Nf6 52. a6 Be4 53. a7
Ba8 54. Qxc4 Qg6 55. Qf1 Nd5 56. f3 Nf4 57. Qb1 Qxb1+ 58. Rxb1 Kg6 59. Rb8 Bd5
60. Rd8 Bb7 61. Rb8 Bd5 62. a8=Q Bxa8 63. Rxa8 Kf5 64. Kf2 g5 65. Ra5+ Kg6 66.
g3 Nh5 67. Ra6+ Nf6 68. g4 Kg7 69. Kg3 Kg6 70. Kf2 Kg7 71. Ke3 h5 72. gxh5 Nxh5
73. Ke4 Ng3+ 74. Ke5 Kf7 75. Ra1 Kg6 76. Rg1 Ne2 77. Rg4 Nf4 78. Ke4 Nh5 79. Rg1
Kf6 80. Ra1 Ng3+ 81. Ke3 Nf5+ 82. Kf2 Ke5 83. Ra4 Kf6 84. Ra5 Kg6 85. Kg2 Nh4+
86. Kg3 Nf5+ 87. Kf2 Nh4 88. Ke3 Nf5+ 89. Ke4 Nh4 90. Ra6+ Kh5 91. Ra8 Kg6 92.
Rg8+ Kh5 93. Rf8 Kg6 94. Ke5 Kh5 95. Rh8+ Kg6 96. Ke4 Kf6 97. Ra8 Kg6 98. Ra6+
Kh5 99. Ra5 Kg6 100. Rb5 Kf6 101. Rb6+ Kg7 102. Ra6 Kf7 103. Ra5 Kg6 1/2-1/2

[Event "33rd Leon Blitz Open 2020"]
[Site "chess.com INT"]
[Date "2020.07.14"]
[Round "2"]
[White "Dhulipalla, Bala Chandra Prasad"]
[Black "Le, Tuan Minh"]
[Result "1/2-1/2"]
[WhiteTitle "IM"]
[BlackTitle "IM"]
[WhiteElo "2441"]
[BlackElo "2501"]
[WhiteFideId "25005812"]
[BlackFideId "12401153"]
[EventDate "2020.07.14"]
[EventType "blitz"]

1. d4 d5 2. Bf4 Nf6 3. e3 c5 4. c3 e6 5. Nd2 Nc6 6. Ngf3 cxd4 7. exd4 Nh5 8. Be3
Bd6 9. Ne5 g6 10. Nd3 Qc7 11. g3 O-O 12. Bg2 b6 13. O-O Ba6 14. Nf3 Rac8 15. Re1
Rfe8 16. Nfe5 f6 17. Ng4 Ne7 18. Nh6+ Kf8 19. Qd2 Rcd8 20. Bf1 Bb7 21. Bh3 e5
22. dxe5 fxe5 23. Bg5 Kg7 24. Ng4 e4 25. Nb4 Bc5 26. Rad1 d4 27. cxd4 Bxd4 28.
Bf1 Kh8 29. Nh6 Rf8 30. Rc1 Qe5 31. Be3 Bxb2 32. Qc2 Bxc1 33. Rxc1 Nf5 34. Nxf5
Qxf5 35. Qc7 Rd7 36. Qc3+ Ng7 37. h4 h5 38. Kh2 Rdf7 39. Bc4 Rf6 40. Bd4 e3 41.
Bxe3 Qf3 42. Rg1 Kh7 43. Bf1 Qe4 44. Nd3 Nf5 45. Bg2 Qe7 46. Bxb7 Qxb7 47. Bg5
R6f7 48. Ne5 Qc7 49. Qb2 Rg7 50. Bf4 Qc5 51. Nf3 Qd5 52. Ng5+ Kg8 53. Re1 Re7
54. Rxe7 Nxe7 55. Qe2 Nf5 56. Qc2 Re8 57. Qc7 Re1 58. Qh7+ Kf8 59. Qh8+ Ke7 60.
Qh7+ Kd8 61. Qc7+ Ke8 62. Qc8+ Ke7 63. Qc7+ Qd7 64. Qc3 Rd1 65. Qe5+ Kd8 66.
Ne6+ Ke8 67. Nc7+ Kf7 68. Qh8 Ng7 69. Qa8 Rd4 70. Qf3 Nf5 71. Qb3+ Kg7 72. Ne6+
Kh7 73. Nxd4 Nxd4 74. Qe3 Nf5 75. Qe5 Qf7 76. a3 a6 77. Qc7 Qxc7 78. Bxc7 b5 79.
Kg2 Kg7 80. Kf3 Kf7 81. Kf4 Nd4 82. Bd6 Ke6 83. Bb4 Nc6 84. Bf8 a5 85. Kg5 Kf7
86. Bc5 b4 87. axb4 axb4 88. f3 b3 89. Ba3 Ne5 90. g4 Nxf3+ 91. Kf4 hxg4 92.
Kxg4 Ne5+ 93. Kg5 Nf3+ 94. Kg4 Nd4 95. h5 gxh5+ 96. Kxh5 Ke6 97. Kg4 Kd5 98. Bb2
Kc4 99. Kf4 Kd3 100. Ke5 Nb5 101. Kd5 Kc2 102. Ba1 Na3 103. Kc5 Kb1 104. Kb4 Ka2
105. Bf6 Nc2+ 106. Ka4 Ne3 107. Bh8 Nd5 108. Bg7 Nf4 109. Bh8 Ne2 110. Bg7 Nc1
111. Kb4 Nd3+ 112. Ka4 Nc5+ 113. Kb4 Ne6 114. Bh8 Nf4 115. Ka4 Ng6 116. Bg7 Nh4
117. Bh8 Nf3 118. Bg7 Nd2 119. Bh8 Kb1 120. Ka3 Kc2 121. Bg7 Nc4+ 122. Kb4 Ne3
123. Ba1 Nd5+ 124. Ka3 Nc7 125. Bh8 Nb5+ 126. Kb4 Nd6 127. Ka3 Nc4+ 128. Kb4 Nb2
129. Ka3 Nd3 130. Bd4 Nf4 131. Bh8 Ne2 132. Bb2 Nc3 133. Ba1 Ne4 134. Bh8 Nc5
135. Bg7 Nd7 136. Bh8 Nb8 137. Bg7 Nc6 138. Bh8 Na7 139. Ba1 Nb5+ 140. Kb4 Nd6
141. Bh8 Ne4 142. Ba1 Nd2 143. Ka3 Nc4+ 144. Kb4 Nb2 145. Ka3 Nd1 146. Kb4 1/2-1/2

[Event "33rd Leon Blitz Open 2020"]
[Site "chess.com INT"]
[Date "2020.07.14"]
[Round "3"]
[White "Musovic, Armin"]
[Black "Le Goff, Ronan"]
[Result "1-0"]
[WhiteTitle "FM"]
[BlackTitle "FM"]
[WhiteElo "2207"]
[BlackElo "2267"]
[WhiteFideId "939935"]
[BlackFideId "612073"]
[EventDate "2020.07.14"]
[EventType "blitz"]

1. a3 c6 2. Nc3 d5 3. e4 e5 4. exd5 cxd5 5. d4 e4 6. Bf4 a6 7. f3 f5 8. fxe4
fxe4 9. Qh5+ g6 10. Qe5+ Kf7 11. Qxh8 Bg7 12. Qxh7 Nc6 13. Nh3 Nf6 14. Ng5+ Kf8
15. Qxg6 Qe7 16. O-O-O Bg4 17. Be2 1-0

[Event "33rd Leon Blitz Open 2020"]
[Site "chess.com INT"]
[Date "2020.07.14"]
[Round "3"]
[White "Kazakouski, Valery"]
[Black "Villalba, Marcelo"]
[Result "1-0"]
[WhiteTitle "IM"]
[BlackTitle "IM"]
[WhiteElo "2473"]
[BlackElo "2258"]
[WhiteFideId "13507443"]
[BlackFideId "3701859"]
[EventDate "2020.07.14"]
[EventType "blitz"]

1. d4 Nf6 2. Nf3 g6 3. c4 Bg7 4. g3 O-O 5. Bg2 d6 6. O-O c5 7. dxc5 dxc5 8. Ne5
Nfd7 9. Nxd7 Nxd7 10. Qb3 Nb6 11. Rd1 Qc7 12. a4 Be6 13. Na3 Rab8 14. Bf4 Qc8
15. Bxb8 Qxb8 16. a5 Nc8 17. Bd5 Bxd5 18. Rxd5 b6 19. axb6 axb6 20. Nb5 1-0

[Event "33rd Leon Blitz Open 2020"]
[Site "chess.com INT"]
[Date "2020.07.14"]
[Round "3"]
[White "Doluhanova, Evgeniya"]
[Black "Vasli, Aref"]
[Result "1-0"]
[WhiteTitle "WGM"]
[BlackTitle "FM"]
[WhiteElo "2229"]
[BlackElo "2371"]
[WhiteFideId "14112035"]
[BlackFideId "417521"]
[EventDate "2020.07.14"]
[EventType "blitz"]

1. Nf3 Nf6 2. b3 e6 3. Bb2 d5 4. e3 Nbd7 5. Be2 b6 6. O-O Bd6 7. c4 O-O 8. Nc3
Bb7 9. cxd5 exd5 10. Rc1 a6 11. h3 Ne4 12. Nxe4 dxe4 13. Nd4 Qg5 14. f4 exf3 15.
Bxf3 Bxf3 16. Qxf3 Ne5 17. Qe2 Rad8 18. Nf5 g6 19. Nxd6 Rxd6 20. Rxc7 Rfd8 21.
Bxe5 Rxd2 22. Qf3 Qxe5 23. Qxf7+ 1-0

[Event "33rd Leon Blitz Open 2020"]
[Site "chess.com INT"]
[Date "2020.07.14"]
[Round "3"]
[White "Walentukiewicz, Michal"]
[Black "Manninen, Marko"]
[Result "0-1"]
[WhiteTitle "CM"]
[BlackTitle "IM"]
[WhiteElo "2052"]
[BlackElo "2377"]
[WhiteFideId "1126903"]
[BlackFideId "500690"]
[EventDate "2020.07.14"]
[EventType "blitz"]

1. g3 d5 2. Bg2 c6 3. c4 Nf6 4. cxd5 cxd5 5. Nf3 g6 6. O-O Bg7 7. d3 O-O 8. Nc3
Nc6 9. e4 dxe4 10. dxe4 h6 11. h3 Be6 12. Be3 Qa5 13. Qe2 Rfd8 14. Rfd1 Qb4 15.
Nd4 Nxd4 16. Bxd4 Rxd4 0-1

[Event "33rd Leon Blitz Open 2020"]
[Site "chess.com INT"]
[Date "2020.07.14"]
[Round "3"]
[White "Christensen, Thomas2"]
[Black "Titichoca Daza, Daniel"]
[Result "0-1"]
[WhiteTitle "CM"]
[BlackTitle "CM"]
[WhiteElo "2143"]
[BlackElo "2090"]
[WhiteFideId "1407635"]
[BlackFideId "3309550"]
[EventDate "2020.07.14"]
[EventType "blitz"]

1. d4 g6 2. e4 Bg7 3. Nc3 d6 4. f4 a6 5. Nf3 b5 6. a3 Bb7 7. Be2 Nd7 8. e5 dxe5
9. fxe5 c5 10. e6 fxe6 11. O-O cxd4 12. Ng5 dxc3 13. Nxe6 Qb6+ 14. Kh1 Qxe6 15.
Bg4 Qd5 16. Qxd5 Bxd5 17. bxc3 Bxc3 18. Rb1 Ngf6 19. Bxd7+ Kxd7 20. Bg5 Ne4 21.
Rbd1 Kc6 22. Bxe7 Rhe8 23. Bb4 Bxb4 24. axb4 Rf8 25. Rxf8 Rxf8 26. Kg1 Nc3 27.
Ra1 Ne2+ 28. Kh1 Rf2 29. Rxa6+ Kb7 30. Ra1 0-1

[Event "33rd Leon Blitz Open 2020"]
[Site "chess.com INT"]
[Date "2020.07.14"]
[Round "3"]
[White "Tay, Junior"]
[Black "Aslanov, Umid"]
[Result "1-0"]
[WhiteTitle "CM"]
[BlackTitle "CM"]
[WhiteElo "2230"]
[BlackElo "2019"]
[WhiteFideId "5800439"]
[BlackFideId "13412620"]
[EventDate "2020.07.14"]
[EventType "blitz"]

1. e4 c5 2. Nc3 d6 3. g3 Nf6 4. Bg2 g6 5. d3 Bg7 6. f4 Nc6 7. Nf3 O-O 8. O-O Rb8
9. h3 Ne8 10. g4 f5 11. gxf5 gxf5 12. Be3 b5 13. Ng5 h6 14. exf5 hxg5 15. Bxc6
Bxf5 16. fxg5 b4 17. Bd5+ e6 18. Rxf5 exd5 19. Rxf8+ Bxf8 20. Nxd5 Bg7 21. Qg4
Qc8 1-0

[Event "33rd Leon Blitz Open 2020"]
[Site "chess.com INT"]
[Date "2020.07.14"]
[Round "3"]
[White "Bluebaum, Matthias"]
[Black "Livaic, Leon"]
[Result "1-0"]
[WhiteTitle "GM"]
[BlackTitle "IM"]
[WhiteElo "2647"]
[BlackElo "2507"]
[WhiteFideId "24651516"]
[BlackFideId "14531534"]
[EventDate "2020.07.14"]
[EventType "blitz"]

1. d4 Nf6 2. c4 e6 3. Nc3 Bb4 4. e3 O-O 5. Bd2 d5 6. Nf3 b6 7. cxd5 Nxd5 8. e4
Nxc3 9. bxc3 Be7 10. Bd3 Bb7 11. e5 c5 12. h4 h6 13. Rh3 cxd4 14. Bxh6 dxc3 15.
Bxg7 Kxg7 16. Rg3+ Kh8 17. Nd4 Qxd4 18. Qh5# 1-0

[Event "33rd Leon Blitz Open 2020"]
[Site "chess.com INT"]
[Date "2020.07.14"]
[Round "3"]
[White "Johnson, Joel"]
[Black "Ziatdinov, Raset"]
[Result "0-1"]
[BlackTitle "GM"]
[WhiteElo "2223"]
[BlackElo "2213"]
[WhiteFideId "2003821"]
[BlackFideId "2015323"]
[EventDate "2020.07.14"]
[EventType "blitz"]

1. e4 e5 2. d4 Nc6 3. Nf3 exd4 4. Bc4 Nf6 5. e5 d5 6. Bb5 Ne4 7. Nxd4 Bd7 8.
Bxc6 bxc6 9. O-O Bc5 10. f3 Ng5 11. f4 Ne4 12. Nc3 Bb6 13. Nxe4 dxe4 14. c3 c5
15. Nc2 Bb5 16. Qxd8+ Rxd8 17. Re1 Bd3 18. Ne3 c4 19. Kf2 f6 20. exf6 gxf6 21.
g4 h5 22. g5 fxg5 23. fxg5 O-O+ 24. Kg2 Rf3 25. Nd1 Rdf8 26. Be3 Bf1+ 27. Kg1
Bh3 0-1

[Event "33rd Leon Blitz Open 2020"]
[Site "chess.com INT"]
[Date "2020.07.14"]
[Round "3"]
[White "Khumalo, Keith"]
[Black "Rustemov, Alexander"]
[Result "1/2-1/2"]
[WhiteTitle "CM"]
[BlackTitle "GM"]
[WhiteElo "2117"]
[BlackElo "2525"]
[WhiteFideId "14319470"]
[BlackFideId "4119002"]
[EventDate "2020.07.14"]
[EventType "blitz"]

1. d4 d5 2. c4 e6 3. Nf3 Nf6 4. g3 Bb4+ 5. Bd2 Be7 6. Bg2 O-O 7. Qc2 c6 8. O-O
Nbd7 9. Bf4 b6 10. Nbd2 Nh5 11. Be3 Bb7 12. Rfc1 Rc8 13. Qa4 a6 14. g4 Nhf6 15.
h3 c5 16. cxd5 Nxd5 17. Nf1 b5 18. Qd1 c4 19. Bd2 Qb6 20. a4 Rfd8 21. axb5 axb5
22. Ba5 Qd6 23. Bxd8 Rxd8 24. e3 Qb6 25. Ng3 g6 26. Qe2 1/2-1/2